The toymaker.

Bibliographic Details
Main Author: Jones, Raymond F., 1915-1994
Format: Book
Language:English
Published: Los Angeles : Fantasy Pub. Co., 1951.
Edition:[1st ed.].

MARC

Tag First Indicator Second Indicator Subfields
LEADER 00000cam a2200000 4500
001 in00000049633
005 20151007073700.0
008 771122s1951 cau 00001 eng
010 |a  51002678  
035 |a (OCoLC)03437888 
035 |9 AAF0172AM 
040 |a VA@  |c VA@  |d TXA  |d UtOrBLW 
049 |a TXAS  |c [1102779] 
050 0 0 |a PZ4.J79  |b To 
100 1 |a Jones, Raymond F.,  |d 1915-1994. 
245 1 4 |a The toymaker. 
250 |a [1st ed.]. 
264 1 |a Los Angeles :  |b Fantasy Pub. Co.,  |c 1951. 
300 |a 287 pages ;  |c 20 cm. 
336 |a text  |b txt  |2 rdacontent 
337 |a unmediated  |b n  |2 rdamedia 
338 |a volume  |b nc  |2 rdacarrier 
500 |a Short stories. 
999 |a MARS 
999 f f |s b0b8058b-c5ce-3aea-b4de-d35af7205bfc  |i 0d7e3073-e568-37b2-a609-aa5d499b3e40  |t 0 
952 f f |p noncirc  |a Texas A&M University  |b College Station  |c Cushing Memorial Library & Archives  |d Cushing: Science Fiction (Does not check out)  |t 0  |e PZ4.J79 To  |h Library of Congress classification  |i unmediated -- volume  |m A14800444950 
998 f f |a PZ4.J79 To  |t 0  |l Cushing: Science Fiction (Does not check out)